Von der Rüstkammer des Reiches zum Maschinenwerk des Sozialismus
| Titel: | Von der Rüstkammer des Reiches zum Maschinenwerk des Sozialismus : Wirtschaftslenkung in Böhmen und Mähren 1938 bis 1953 / von Jaromír Balcar und Jaroslav Kučera |
|---|---|
| Verfasser: | ; |
| Veröffentlicht: | Göttingen : Vandenhoeck & Ruprecht, 2013 |
| Umfang: | X, 511 Seiten |
| Format: | Buch |
| Sprache: | Deutsch |
| Schriftenreihe/ mehrbändiges Werk: |
Veröffentlichungen des Collegium Carolinum ; 128 |
| RVK-Notation: |
·
|
| ISBN: | 3525373015 ; 9783525373019 ; 9783525373019 |
| Hinweise zum Inhalt: |
Inhaltstext
Inhaltsverzeichnis |
alg: 32161235 001A $00026:22-05-13 001B $01999:25-06-24 $t20:59:15.000 001D $00026:22-05-13 001U $0utf8 001X $00 002@ $0Aau 002C $aText $btxt $2rdacontent 002D $aohne Hilfsmittel zu benutzen $bn $2rdamedia 002E $aBand $bnc $2rdacarrier 003@ $0321612353 003O $0843452748 $aOCoLC 004A $03-525-37301-5 004A $A978-3-525-37301-9 004D $09783525373019 004K $09783525373019 006G $0103337198X 006H $0TOCNEUA1325 $2DNB 006T $013,N16 006U $013,A26 $f20130410 007A $0381080870 $aBSZ 007G $0DE0205032CD7D56F4F97CC1257B97003AE0F5 009P $qtext/html $A2 $3Inhaltstext $uhttp://deposit.dnb.de/cgi-bin/dokserv?id=4295903&prov=M&dok_var=1&dok_ext=htm $mX:MVB 009P $qapplication/pdf $A2 $3Inhaltsverzeichnis $uhttp://scans.hebis.de/HEBCGI/show.pl?32161235_toc.pdf $mV:DE-603;B:DE-Mb50 010@ $ager 011@ $a2013 021A $aVon der Rüstkammer des Reiches zum Maschinenwerk des Sozialismus $dWirtschaftslenkung in Böhmen und Mähren 1938 bis 1953 $hvon Jaromír Balcar und Jaroslav Kučera 028A $BVerfasser $4aut $7128745746 $8Balcar, Jaromír$Z1966- [Tp1] $9159198208 028C $BVerfasser $4aut $7123630436 $8Kučera, Jaroslav$Z1955- [Tp3] $9154495883 033A $pGöttingen $nVandenhoeck & Ruprecht 034D $aX, 511 Seiten 036E $aVeröffentlichungen des Collegium Carolinum $l128 036F $x3128 $8Veröffentlichungen des Collegium Carolinum $9007420064 $l128 037A $aQuellen- und Literaturverzeichnis Seite [473]-504 039U $aRezensiert in $8--Oou--Hachtmann, Rüdiger$Z1953- [Tp1]. [Balcar, Jaromír: von der Rüstkammer des Reiches zum Maschinenwerk des Sozialismus, 2015 $9421390964 039U $aRezensiert in $8--Oou--Scherner, Jonas [Tp3]. [Jaromír Balcar, Jaroslav Kučera: Von der Rüstkammer des Reiches zum Maschinenwerk des Sozialismus], 2016 $9434666165 044K $qSWB $RTschechien $#Böhmische Kronländer $#Länder der Böhmischen Krone $#Sudetenland $#Böhmen $#Mähren $#Mährisch-Schlesien $#Österreichisch-Schlesien $#Tschechische Sozialistische Republik Böhmische Länder $#Tschechei Böhmische Länder $#Země koruny české $74069573-6 $8Böhmische Länder [Tg1] $9085195553 044K $qSWB $RWirtschaftsordnung $#Économie de marché $#market economies $#Marktwirtschaft $#Marktwirtschaft $#Marktwirtschaft $#Freie Marktwirtschaft $#Wettbewerbswirtschaft $#Verkehrswirtschaft Wirtschaftssystem $74037653-9 $8Marktwirtschaft [Ts1] $9085102857 044K $qSWB $RSystemveränderung $#Systemtransformation $#Systemveränderung $#Systemtransformation $#Transformation Systemtransformation $74060633-8 $8Systemtransformation [Ts1] $9085168378 044K $qSWB $RWirtschaftssystem $RWirtschaftsplanung $#Central planning $#Planification économique $#centrally planned economies $#Planwirtschaft $#Planwirtschaft $#Planerfüllung $#Planwirtschaft $#Staatliche Leitung (Volkswirtschaft) $#Staatswirtschaftsplan $#Zentrale Planwirtschaft $#Zentralgeleitete Planwirtschaft $#Zentralgeleitete Wirtschaft $#Zentralverwaltungswirtschaft $74046242-0 $8Planwirtschaft [Ts1] $9085129240 044K $qSWB $RWirtschaftspolitik $RRegulierung $#Wirtschaftslenkung $#Wirtschaft Lenkung $#Wirtschaftsregulierung $74066470-3 $8Wirtschaftslenkung [Ts1] $9085186848 044K $qSWB $#Corporations Growth $#Entreprises Croissance $#Unternehmenserfolg $#Unternehmen Entwicklung $74125011-4 $8Unternehmensentwicklung [Ts1] $9085419443 045E $c330 045F $a338.943710904 $eDDC22ger 045F/01 $a338.9 045F/03 $f0904 045F/03 $g4371 045G $a900.9437109043 $eDDC23BSB 045G/01 $a900 045G/03 $f09043 045G/03 $f09044 045G/03 $g4371 045G/03 $g437 045H $a330.09437 $eDDC23BSB 045H/01 $a330.09 045H/03 $g437 045I $a330.09437 $eDDC23BSB 045I/01 $a330 045I/03 $g437 045J $a909 $eDDC23BSB 045J/01 $a909 045J/03 $f0904 045J/03 $g437 045R $aGeschichte 1938-1953 045Z $8NK 2470 [Tkv] $9410888540 045Z $8NQ 2440 [Tkv] $9410912352 lok: 32161235 3 101B $025-03-14 $t16:25:28.000 101C $025-03-14 101U $0utf8 145S/01 $a039 exp: 32161235 3 1 #EPN 201B/01 $025-03-14 $t16:25:28.000 201C/01 $009-01-14 201U/01 $0utf8 203@/01 $0725276843 208@/01 $a25-03-14 $bzCh 209A/01 $a02/NK 2470 B174 $du $f330 $h02 NK 2470 B174 $x00 209B/01 $a4401 $x05 209C/01 $aBzG-2014/639 209G/01 $a1004520647 $x00 247C/01 $8601330-2 <30/330>Frankfurt, Universitätsbibliothek J. C. Senckenberg, Bibliothekszentrum Geisteswissenschaften (BzG) $9102599378 lok: 32161235 24 101B $021-06-13 $t10:49:47.000 101C $021-06-13 101U $0utf8 145Z/01 $a23 7 N 145Z/02 $a22 7 N 145Z/03 $a22 13 C 145Z/04 $a22 13 Aa 145Z/05 $a22 7 N 145Z/06 $a22 7 Ms exp: 32161235 24 1 #EPN 201B/01 $021-06-13 $t10:49:47.000 201C/01 $023-05-13 201U/01 $0utf8 203@/01 $0675779502 208@/01 $a21-06-13 $bz 209A/01 $a13.03416 $du $f050 $h13 03416 $x00 209C/01 $a13.03416 T $h13 03416 T 209G/01 $a73283612 $x00 220C/01 $ahae 247C/01 $8358050-7Marburg, Bibliothek des Herder-Instituts Marburg $9102600961 lok: 32161235 78 exp: 32161235 78 1 #EPN 201B/01 $007-08-18 $t12:43:07.000 201C/01 $007-08-18 201U/01 $0utf8 203@/01 $01025656385 208@/01 $a07-08-18 $be 209A/01 $a/ $f000 $x00 209A/01 $ab*p $x01 220C/01 $apgar 244Z/01 $#Böhmische Kronländer $#Länder der Böhmischen Krone $#Sudetenland $#Böhmen $#Mähren $#Mährisch-Schlesien $#Österreichisch-Schlesien $#Tschechische Sozialistische Republik Böhmische Länder $#Tschechei Böhmische Länder $#Země koruny české $74069573-6 $8--Tg1--Böhmische Länder $x01 $9085195553 244Z/01 $#Tschechoslowakei $#Tschechoslowakei $#Tschechoslowakei $#Tschechische und Slowakische Föderative Republik $#République Tchéco-Slovaque $#Tchécoslovaquie $#Československá Federativní Republika $#Česká a Slovenská Federativní Republika $#Czech and Slovak Federal Republic $#ČSFR $#ČSSR $#ČSR $#RČS $#Československo $#Československá Socialistická Republika $#Československá Republika $#Tschechoslowakische Sozialistische Republik $#Tschechoslowakische Republik $#Tschechoslowakische Föderative Republik $#Republika Československá $#Czechoslovakia $#Čechoslovakische Republik $#République Tchécho-Slovaque $#Tchéchoslovaquie $#Czechoslovak Socialist Republic $#Checoeslovaquia $#Cecoslovacchia $#Čechoslovakija $#République tchécoslovaque $74078435-6 $8--Tg1--Tschechoslowakei $x02 $9085222305 247C/01 $82080>Marburg/Lahn, Herder-Institut, Forschungsbibliothek, Bibliographieportal $9336309341 lok: 32161235 204 exp: 32161235 204 1 #EPN 201B/01 $016-06-23 $t09:16:39.000 201C/01 $022-05-13 201U/01 $0utf8 203@/01 $0675706726 208@/01 $a22-05-13 $bzp09 209A/01 $aG 0.219 $ds $f092 $h092 G 0 219 $x00 209G/01 $a61242821 $x00 247C/01 $8631092-8 <26/092>Gießen, Universität Gießen, Fachbibliothek Germanistik / Sudetendeutsches Wörterbuch $9102596999 lok: 32161235 205 exp: 32161235 205 1 #EPN 201B/01 $010-03-18 $t10:39:30.000 201C/01 $022-07-15 201U/01 $0utf8 203@/01 $0757287263 208@/01 $a24-11-15 $bz 209A/01 $a001 NZW D II b 3151 $db $f000 $x00 209B/01 $a80 $x05 209C/01 $a8 2015/00425 209G/01 $a69987184 $x00 209G/01 $aFreihandbereich $x01 220B/01 $aaltbik405 247C/01 $8351000-1 <4>Marburg, Universität Marburg, Universitätsbibliothek $9102594767
| LEADER | 00000cam a2200000 c 4500 | ||
|---|---|---|---|
| 001 | 321612353 | ||
| 003 | DE-603 | ||
| 005 | 20240625205915.0 | ||
| 007 | tu | ||
| 008 | 130522s2013 xx |||| | u00||u|ger | ||
| 015 | |a 13,A26 |z 13,N16 |2 dnb | ||
| 016 | 7 | |2 DE-101 |a 103337198X | |
| 020 | |a 3525373015 | ||
| 020 | |a 9783525373019 | ||
| 020 | |z 9783525373019 | ||
| 024 | 3 | |a 9783525373019 | |
| 035 | |a (DE-599)BSZ381080870 | ||
| 035 | |a (OCoLC)843452748 | ||
| 040 | |a DE-603 |b ger |c DE-603 |d DE-603 | ||
| 041 | |a ger | ||
| 082 | 0 | 4 | |8 1\u |a 338.943710904 |q DE-101 |2 22/ger |
| 083 | 0 | |8 2\u |a 900.9437109043 |q DE-101 |2 23/BSB | |
| 083 | 0 | |8 3\u |a 330.09437 |q DE-101 |2 23/BSB | |
| 083 | 0 | |8 4\u |a 330.09437 |q DE-101 |2 23/BSB | |
| 083 | 0 | |8 5\u |a 909 |q DE-101 |2 23/BSB | |
| 084 | |a 330 |q DE-101 |2 sdnb | ||
| 084 | |a NK 2470 |0 (DE-625)125896: |0 (DE-603)410888540 |2 rvk | ||
| 084 | |a NQ 2440 |0 (DE-625)128264: |0 (DE-603)410912352 |2 rvk | ||
| 085 | |8 1\u |b 338.9 | ||
| 085 | |8 1\u |z 1 |s 0904 | ||
| 085 | |8 1\u |z 2 |s 4371 | ||
| 085 | |8 2\u |b 900 | ||
| 085 | |8 2\u |z 1 |s 09043 | ||
| 085 | |8 2\u |z 1 |s 09044 | ||
| 085 | |8 2\u |z 2 |s 4371 | ||
| 085 | |8 2\u |z 2 |s 437 | ||
| 085 | |8 3\u |b 330.09 | ||
| 085 | |8 3\u |z 2 |s 437 | ||
| 085 | |8 4\u |b 330 | ||
| 085 | |8 4\u |z 2 |s 437 | ||
| 085 | |8 5\u |b 909 | ||
| 085 | |8 5\u |z 1 |s 0904 | ||
| 085 | |8 5\u |z 2 |s 437 | ||
| 100 | 1 | |a Balcar, Jaromír |d 1966- |e Verfasser |4 aut |0 (DE-603)159198208 |0 (DE-588)128745746 |2 gnd | |
| 245 | 0 | 0 | |a Von der Rüstkammer des Reiches zum Maschinenwerk des Sozialismus |b Wirtschaftslenkung in Böhmen und Mähren 1938 bis 1953 |c von Jaromír Balcar und Jaroslav Kučera |
| 264 | 1 | |a Göttingen |b Vandenhoeck & Ruprecht |c 2013 | |
| 300 | |a X, 511 Seiten | ||
| 336 | |a Text |b txt |2 rdacontent | ||
| 337 | |a ohne Hilfsmittel zu benutzen |b n |2 rdamedia | ||
| 338 | |a Band |b nc |2 rdacarrier | ||
| 490 | 1 | |a Veröffentlichungen des Collegium Carolinum |v 128 | |
| 500 | |a Quellen- und Literaturverzeichnis Seite [473]-504 | ||
| 648 | 7 | |a Geschichte 1938-1953 |2 gnd | |
| 650 | 7 | |a Marktwirtschaft |0 (DE-588)4037653-9 |0 (DE-603)085102857 |2 gnd | |
| 650 | 7 | |a Systemtransformation |0 (DE-588)4060633-8 |0 (DE-603)085168378 |2 gnd | |
| 650 | 7 | |a Planwirtschaft |0 (DE-588)4046242-0 |0 (DE-603)085129240 |2 gnd | |
| 650 | 7 | |a Wirtschaftslenkung |0 (DE-588)4066470-3 |0 (DE-603)085186848 |2 gnd | |
| 650 | 7 | |a Unternehmensentwicklung |0 (DE-588)4125011-4 |0 (DE-603)085419443 |2 gnd | |
| 651 | 7 | |a Böhmische Länder |0 (DE-588)4069573-6 |0 (DE-603)085195553 |2 gnd | |
| 700 | 1 | |a Kučera, Jaroslav |d 1955- |e Verfasser |4 aut |0 (DE-603)154495883 |0 (DE-588)123630436 |2 gnd | |
| 787 | 0 | 8 | |i Rezensiert in |a Hachtmann, Rüdiger, 1953- |t [Balcar, Jaromír: von der Rüstkammer des Reiches zum Maschinenwerk des Sozialismus |w (DE-603)421390964 |
| 787 | 0 | 8 | |i Rezensiert in |a Scherner, Jonas |t [Jaromír Balcar, Jaroslav Kučera: Von der Rüstkammer des Reiches zum Maschinenwerk des Sozialismus] |w (DE-603)434666165 |
| 810 | 2 | 2 | |a Collegium Carolinum |g München |t Veröffentlichungen des Collegium Carolinum |v 128 |w (DE-603)007420064 |w (DE-600)971761-4 |9 3128 |7 as |
| 856 | 4 | 2 | |m X:MVB |q text/html |u http://deposit.dnb.de/cgi-bin/dokserv?id=4295903&prov=M&dok_var=1&dok_ext=htm |3 Inhaltstext |
| 856 | 4 | 2 | |m V:DE-603;B:DE-Mb50 |q application/pdf |u http://scans.hebis.de/HEBCGI/show.pl?32161235_toc.pdf |3 Inhaltsverzeichnis |
| 924 | 0 | |9 30/330 |a (DE-603)725276843 |b DE-30-330 |c HES |d d |g 02/NK 2470 B174 | |
| 924 | 0 | |9 Mb 50 |a (DE-603)675779502 |b DE-Mb50 |c HES |d c |g 13.03416 | |
| 924 | 0 | |9 2080 |a (DE-603)1025656385 |b DE-2080 |c HES |d d |g / | |
| 924 | 0 | |9 26/092 |a (DE-603)675706726 |b DE-26-092 |c HES |d d |g G 0.219 | |
| 924 | 0 | |9 4 |a (DE-603)757287263 |b DE-4 |c HES |d c |g 001 NZW D II b 3151 |h Freihandbereich | |


